000 00719nam a2200181 i 4500
999 _c3050
_d3050
008 770922s1974 enka b 000 0 eng
015 _aGB76-27687
020 _a0853344523
040 _aDLC
082 0 0 _a628.1683
_bI648
110 2 _aInstitute of Petroleum, London.
245 1 0 _aMarine pollution by oil :
_bcharacterization of pollutants, sampling, analysis, and interpretation /
_cby Institute of Petroleum Oil Pollution Analysis Committee ; chairman B. T. Whitham ...
260 _aBarking :
_bApplied Science Publishers [for] the Institute of Petroleum,
_c1974.
300 _aix, 198 p. :
_bill. ;
_c23 cm.
504 _aIncludes bibliographical references.
650 0 _aOil pollution of the sea.
942 _cBK